Größte Gemeinden Österreichs mit "N" - Statistiken

Allgemein
  • Dieses Quiz wurde 72 mal gespielt
  • Das Durchschnittsergebnis liegt bei 6 aus 10
Antwortstatistiken
Einwohner Bezirk Bundesland Gemeinde % Korrekt
12.709 Neunkirchen Niederösterreich Neunkirchen
100%
8.409 Neusiedl am See Burgenland Neusiedl am See
100%
6.198 Bludenz Vorarlberg Nenzing
61%
4.551 Mattersburg Burgenland Neudörfl
57%
6.339 Salzburg-Umgebung Salzburg Neumarkt am Wallersee
57%
4.907 Murau Steiermark Neumarkt in der Steiermark
57%
8.306 St. Pölten-Land Niederöstererich Neulengbach
52%
4.984 Bludenz Vorarlberg Nüziders
46%
6.521 Linz-Land Oberösterreich Neuhofen an der Krems
39%
4.785 Innsbruck-Land Tirol Neustift im Stubaital
26%
Keine übereinstimmenden Quizze gefunden
Verteilung der Resultate
Anzahl Personen mit jedem Resultat
Perzentil nach korrekt beantworteten Fragen
Ihre Resultats-Entwicklung
Sie haben dieses Quiz noch nicht gespielt